| 000 | 00459nam a2200169Ia 4500 | ||
|---|---|---|---|
| 008 | 221030s9999 xx 000 0 und d | ||
| 020 | _a0070474273 | ||
| 041 | _aEnglish | ||
| 082 |
_a105.23 _bKam |
||
| 100 | _aS. N. Kamin | ||
| 245 | 0 |
_aProgramming with Class A C++ Introduction to Computer Science _cby S. N. Kamin, E. M. Reingold |
|
| 260 |
_bTMH _aNew Delhi _c2002 |
||
| 300 | _a691 | ||
| 650 | _aBE Computer | ||
| 700 | _aE. M. Reingold | ||
| 942 | _cBK | ||
| 999 |
_c3343 _d3343 |
||